|
|
|
|
| LEADER |
00000nam a22000007i 4500 |
| 001 |
IT\ICCU\UBO\3880168 |
| 003 |
ItRI |
| 005 |
20260115232128.0 |
| 008 |
110809s2011 it |||||| ||||| |||||c |
| 020 |
|
|
|a 9788865030295
|
| 040 |
|
|
|b ita
|c importazione bologna sebina
|
| 041 |
|
7 |
|a ita
|2 ISO-639-2
|
| 100 |
1 |
|
|a Martin, Sebas
|0 IT\ICCU\UBOV\398482
|
| 240 |
1 |
0 |
|a Estoy en ello.
|3 IT\ICCU\UBO\3880169
|9 Martin, Sebas
|
| 245 |
1 |
0 |
|a Dentro /
|c Sebas Martin.
|
| 260 |
|
|
|a Bologna :
|b Comma 22,
|c 2011
|
| 300 |
|
|
|a 110 p. :
|b fumetti, b/n ;
|c 24 cm.
|
| 765 |
1 |
|
|w IT\ICCU\UBO\4463386
|t Dentro
|
| 942 |
|
|
|2 ddc
|c BK
|n 0
|
| 952 |
|
|
|0 0
|1 0
|4 0
|6 F_741_594000000000000_MAR
|7 0
|9 20569
|a BO
|b BO
|d 2026-01-15
|i 16332
|l 0
|o F 741.594 MAR
|p BO16332
|r 2026-01-15 23:21:28
|w 2026-01-15
|x [Sebina 5] [1 v.]
|y BK
|z 1 v.
|
| 952 |
|
|
|0 0
|1 0
|4 0
|6 F_741_594000000000000_MAR
|7 0
|9 20570
|a BO
|b BO
|d 2026-01-15
|i 17134
|l 0
|o F 741.594 MAR
|p BO17134
|r 2026-01-15 23:21:28
|w 2026-01-15
|x [Sebina 5] [1 v.]
|y BK
|z 1 v.
|
| 999 |
|
|
|c 17562
|d 17562
|